<?xml version="1.0" encoding="UTF-8"?>
<marc:record xmlns:marc="http://www.loc.gov/MARC21/slim">
   <marc:leader>00000nam a2200000 a 4500</marc:leader>
   <marc:datafield ind1="1" ind2=" " tag="100">
      <marc:subfield code="a">Wiggs, Susan</marc:subfield>
      <marc:subfield code="4">aut</marc:subfield>
      <marc:subfield code="e">Verfasser/-in</marc:subfield>
   </marc:datafield>
   <marc:datafield ind1=" " ind2=" " tag="653">
      <marc:subfield code="a">USA</marc:subfield>
   </marc:datafield>
   <marc:datafield ind1=" " ind2=" " tag="653">
      <marc:subfield code="a">Kalifornien</marc:subfield>
   </marc:datafield>
   <marc:datafield ind1=" " ind2=" " tag="653">
      <marc:subfield code="a">Liebesbeziehung</marc:subfield>
   </marc:datafield>
   <marc:datafield ind1=" " ind2=" " tag="653">
      <marc:subfield code="a">Kochen</marc:subfield>
   </marc:datafield>
   <marc:datafield ind1=" " ind2=" " tag="653">
      <marc:subfield code="a">Backen</marc:subfield>
   </marc:datafield>
   <marc:datafield ind1=" " ind2=" " tag="653">
      <marc:subfield code="a">Frauenroman</marc:subfield>
   </marc:datafield>
   <marc:datafield ind1="0" ind2="0" tag="245">
      <marc:subfield code="a">Die kleine Bäckerei der Träume</marc:subfield>
   </marc:datafield>
   <marc:datafield ind1=" " ind2="1" tag="264">
      <marc:subfield code="b">HarperCollins</marc:subfield>
      <marc:subfield code="c">2022</marc:subfield>
   </marc:datafield>
   <marc:datafield ind1="1" ind2=" " tag="520">
      <marc:subfield code="a">Klappentext: Gerome »Sugar« Barnes hat die Kunst des Backens in der Bäckerei seiner Großmutter erlernt - doch plötzlich muss er sich seine Küche mit Margot Salton teilen, einer Grillmeisterin aus Texas. Für sie erfüllt sich endlich ihr größter Traum: ein Restaurant weit, weit entfernt von ihrer Heimat.  Zwischen Margot und Jerome knistert es gewaltig, obwohl ihre Leben bis zu diesem Punkt nicht unterschiedlicher hätten sein können. Doch gerade als Margot beginnt, Jerome in ihr Herz zu lassen, wird klar, dass sie ihre Vergangenheit nicht so einfach verdrängen kann à  Über den Autor und weitere Mitwirkende Susan Wiggs hat an der Harvard Universität studiert und ist mit gleicher Leidenschaft Autorin, Mutter und Ehefrau. Ihre Hobbys sind Lesen, Reisen und Stricken. Sie lebt mit ihrem Mann, ihrer Tochter und dem Hund auf einer Insel im nordwestlichen Pazifik.</marc:subfield>
   </marc:datafield>
   <marc:datafield ind1=" " ind2=" " tag="020">
      <marc:subfield code="a">9783749904006</marc:subfield>
      <marc:subfield code="9">9783749904006</marc:subfield>
   </marc:datafield>
</marc:record>
